Logistika nebezpečných nákladů
Pokračovanie z č. 11/2001. Množstvo výrobkov a odpadov je klasifikovaných podľa medzinárodných predpisov ako nebezpečné. Preprava týchto nebezpečných látok musí byť bezpečná. Predpisy v medzinárodnej a vnútroštátnej preprave. Povinnosti odosielateľa a dopravcu. Pokračovanie v budúcom čísle.
Salvato in:
| Autore principale: | |
|---|---|
| Natura: | Capitolo di libro |
| Lingua: | ceco |
| Soggetti: | |
| Tags: |
Nessun Tag, puoi essere il primo ad aggiungerne!!
|
MARC
| LEADER | 00000naa a2200000 4500 | ||
|---|---|---|---|
| 001 | r043678 | ||
| 005 | 20231003123244.0 | ||
| 041 | 0 | |a cze | |
| 044 | |a CZ | ||
| 245 | 1 | 0 | |a Logistika nebezpečných nákladů |c Karel Valík |
| 520 | |a Pokračovanie z č. 11/2001. Množstvo výrobkov a odpadov je klasifikovaných podľa medzinárodných predpisov ako nebezpečné. Preprava týchto nebezpečných látok musí byť bezpečná. Predpisy v medzinárodnej a vnútroštátnej preprave. Povinnosti odosielateľa a dopravcu. Pokračovanie v budúcom čísle. | ||
| 610 | 2 | 0 | |a logistika |
| 610 | 2 | 0 | |a preprava |
| 610 | 2 | 0 | |a dohody |
| 610 | 2 | 0 | |a bezpečnosť dopravy |
| 610 | 2 | 0 | |a ochrana prostredia životného |
| 610 | 2 | 0 | |a látky nebezpečné |
| 100 | 1 | |a Valík, Karel | |